1064 1755 1433 1584 1446 1216 1798 1489 1231 1978 1339 1274 1035 1565 1647 1446 1482 1841 1313 1096 1878 1434 1929 1301 1541 1198 1868 1324 1494 1079 1822 1852 1728 1218 1117 1801 1629 1670 1158 1717 1250 1580 1387 1020 1794 1021 1626 1920 1566 1394 1453 1678 1430 1639 1318 1288 1271 1686 1773 1540 1806 1182 1434 1785 1239 1683 1374 1775 1709 1394 1770 1596 1551 1700 1988 1890 1801 1225 1172 1234 1188 1104 1279 1367 1292 1015 1443 1104 1894 1317 1043 1675 1278 1079 1911 1862 1231 1662 1846 BCNSPRNW ULIB Ver.6.0+V

เปลี่ยนเป็นภาษาไทย

Change to English
 แสดงรายละเอียดบรรณานุกรม
  กลับหน้าหลัก

Brief Record : Get Marc (ISO 2709) : E-mail record : QR code < ปิดหน้าต่าง
LEADER : 00000nam 2200000uu 4500
001    13399120209
003     ULIB
008    120508s2553 th a 000 0 tha d
020    ^a9789747545524
060 04 ^aWS200^bP895 2553
245 00 ^aPractical points in pediatric problems /^cบรรณาธิการจุฑารัตน์ เมฆมัลลิกา, ศิริลักษณ์ อัศวบำรุงกุล
260    ^aกรุงเทพฯ :^bกองกุมารเวชกรรม โรงพยาบาลภูมิพลอดุลยเดชกรมแพทย์ทหารอากาศ,^c2553
300    ^aก-ง, 340 หน้า :^bภาพประกอบ ;^c21 ซม.
650  4 ^aกุมารเวชศาสตร์
650  4 ^aเด็ก^xการดูแล
650  4 ^aเด็ก^xโรค^xการรักษา
700 0  ^aจุฑารัตน์ เมฆมัลลิกา,^eบรรณาธิการ
700 0  ^aศิริลักษณ์ อัศวบำรุงกุล,^eบรรณาธิการ
710 2  ^aโรงพยาบาลภูมิพลอดุลยเดช. ^bกองกุมารเวชกรรม
945    ^p200^l0^i19524
995    ^aกัณชพร
999    ^aทศพร เกษรทอง
รายการนี้ยังไม่มีแท็ก
คุณยังไม่ได้ล็อกอิน คุณสามารถมีกิจกรรมร่วมกับเว็บไซต์ได้ แต่ต้องล็อกอินก่อน ::
  ล็อกอิน

รายการสื่อสารสนเทศ

ลำดับที่ ประเภท เลขเรียก/บาร์โค้ด สถานที่ สถานะ
1. วิทยาศาสตร์การแพทย์ และสุขภาพ
วิทยาศาสตร์การแพทย์ และสุขภาพ
สถานะ=หนังสือเก่า
WS200 P895 2553  
  Barcode: 19524
ห้องสมุดวิทยาเขตนครสวรรค์
►ส่วนจัดเก็บหนังสือเก่า นว.
บนชั้น
  ขอยืม

รายการใกล้เคียง
    หัวเรื่อง [กุมารเวชศาสตร์]
    หัวเรื่อง [เด็ก การดูแล]

BibComment


ยังไม่เคยถูกคอมเมนท์

คอมเมนท์ทรัพยากรรายการนี้
  คอมเมนท์: Practical points..


 Copyright 2026. Bcnsprnw @Library